000 00241nam a2200097Ia 4500
008 240331s9999 xx 000 0 und d
082 _bRAV
100 _aRavindran,N
245 0 _aMuttpokku Ilakkiyathukku kailasapathiyin Pangalippu
942 _cL
999 _c5810
_d5810